00707nam a2200253 a 4500001001300000003000900013005001700022008004100039020001000080082001900090100002000109245003900129260003100168300000900199500003500208505001900243650001700262650002500279700002000304902000800324942000700332952009900339999001500438nice12345678IN_TiNIC20260116012144.0050524s1921 egya grp 000 0 ara  ac10000a222.11092bGAI aGairdner, W H T aRiwayatu Yusuf Siddiq Va Ekhwatihi aEgyptbNo Publishersc1921 a102p aincludes index and biblioraphy2 aReserve copies aJoseph-Drama aOld Testament-Joseph1 aGairdner, W H T bSRS cBK 00104070aHMIbHMId2008-05-26g100.00l0o222.11092 GAIp5159r2008-05-26w2026-01-16yARB c5861d5861